| 000 | 00632nam a2200217Ia 4500 | ||
|---|---|---|---|
| 003 | OSt | ||
| 005 | 20220923230825.0 | ||
| 006 | a|||||r|||| 00| 0 | ||
| 007 | ta | ||
| 008 | Pun | ||
| 024 | _a305,875 | ||
| 037 | _cTextual | ||
| 040 |
_aARTS _cARTS _bPun |
||
| 041 |
_2Pun _aPun |
||
| 082 | _aQ8441wK7, 153L0.1 | ||
| 100 | _aਗਿਆਨ ਸਿੰਘ | ||
| 245 | 0 |
_aਤਵਾਰੀਖ ਗੁਰੂ ॥ਾਲਸਾ _b ਜਨਮਸਾਖੀ ਸ੍ਰੀ ਗੁਰੂ ਨਾਨਕ ਸਾਹਿਬ |
|
| 260 | _c1970 | ||
| 942 |
_hQ8441wK7, 153L0.1 _cTEXL _2CC |
||
| 999 |
_c387662 _d387662 |
||